Quizzes
Events
Quiz Creation
Community
Videos
Private Events
Remove Ads
Sign In
Join for FREE
Feedback
Dark Mode
Quiz Categories
Sports
Geography
Music
Movies
Television
Just For Fun
Miscellaneous
History
Literature
Language
Science
Gaming
Entertainment
Religion
Holiday
For Kids
Quiz Lab
Recent
Popular Today
Quiz Kudos Today
Editor Picks
Curator Picks
Quizzes by...
Day
Popularity
Type
Ratings
Length
Year
Community
Subscriptions
Recent Discussions
Orange Saloon
Badges
Playlists
Quests
Create
Leaderboards
Showdown
Live 5
Trivia Bingo
Activity
Puzzle Library
Sporcle Events
Private Events
Virtual Trivia
Globe League
Become a Host
Pub Owners
SporcleCon
Opinionation
Our Games
Videos
Blog
Mobile Apps
Partnerships
Remove Ads and Go Orange
Feedback
Sports
Athletes
MLB
NBA
NHL
NFL
Soccer
Sports Teams
WWE
NCAA
Football
Premier League
Basketball
Baseball
Hockey
Golf
Tennis
Cricket
Rugby
Auto Racing
Olympics
World Cup
Sports
Athletes
MLB
NBA
NHL
NFL
Soccer
Sports Teams
WWE
NCAA
Football
Premier League
Basketball
Baseball
Hockey
Golf
Tennis
Cricket
Rugby
Auto Racing
Olympics
World Cup
Random Quiz
Search Sporcle
×
Quiz Lab
Quiz Lab
Sports
NFL
Type in answers that appear in a list
Type in answers that appear in a list
Classic
Best Score? Go Orange.
NFL Jersey Numbers 1-99 Stats
Can you name the NFL player who wears each number??
By
oknight30
15m
99 Questions
415 Plays
415 Plays
415 Plays
Comments
Comments
Give Quiz Kudos
Give Quiz Kudos
-
- Ratings
hide this ad
Replay
Link that replays current quiz
Next Quiz
Link to next quiz in quiz playlist
You Got
0%
They Got
Avg Score
36%
Avg Friend Score
Upgrade to see
Score Distribution
Jump to the score distribution portion of the page
Score
0/99
Timer
15:00
0
Plays Today
Jersey Number
Player
% Correct
2
Matt Ryan
88.2%
12
Tom Brady
81.9%
9
Drew Brees
78.3%
6
Jay Cutler
75.4%
18
Peyton Manning
74.5%
4
Brett Favre
73%
10
DeSean Jackson
71.3%
39
Steven Jackson
71.3%
83
Vincent Jackson
71.1%
11
Larry Fitzgerald
69.2%
8
Matt Schaub
67.5%
80
Andre Johnson
66.3%
89
Steve Smith
64.6%
17
Philip Rivers
64.3%
94
Justin Smith
63.9%
5
Donovan McNabb
63.6%
28
Adrian Peterson
60.5%
34
DeAngelo Williams
60.2%
93
Kevin Williams
60.2%
25
Reggie Bush
59%
20
Ed Reed
56.9%
52
Ray Lewis
56.9%
81
Randy Moss
55.4%
19
Miles Austin
55.2%
15
Tim Tebow
54.7%
7
Chad Henne
54.5%
27
Brandon Jacobs
52.8%
86
Hines Ward
52.8%
87
Reggie Wayne
52.8%
22
Matt Forte
52.3%
32
Maurice Jones-Drew
52.3%
85
Chad Ochocinco
51.3%
26
Clinton Portis
50.4%
Jersey Number
Player
% Correct
33
Michael Turner
49.2%
73
Joe Thomas
49.2%
16
Lance Moore
48.9%
88
Demaryius Thomas
48.9%
3
Matt Moore
48%
23
Marshawn Lynch
46.5%
54
Brian Urlacher
46.3%
69
Jared Allen
46%
24
Ryan Matthews
42.2%
82
Jason Witten
41.4%
43
Troy Polamalu
41%
92
Albert Haynesworth
41%
55
Terrell Suggs
38.8%
42
Darren Sharper
37.6%
91
Justin Tuck
36.9%
56
Brian Cushing
33.7%
13
Johnny Knox
33.5%
31
Al Harris
33.3%
98
Robert Mathis
31.8%
77
Jake Long
30.4%
68
Kevin Mawae
29.6%
21
Nnamdi Asomugha
29.4%
57
Bart Scott
28.7%
41
Terrence Newman
27.7%
90
Darnell Dockett
27%
44
Jahvid Best
26.3%
59
London Fletcher
26%
30
LaRon Landry
25.8%
76
Steve Hutchinson
25.3%
84
TJ Houshmandzadeh
24.8%
47
Chris Cooley
24.3%
78
Ryan Clady
22.9%
72
Osi Umenyiora
21.2%
Jersey Number
Player
% Correct
14
Brandon Stokley
20.2%
53
Keith Bulluck
20%
51
Keith Brooking
19%
49
Tony Richardson
17.3%
60
Shaun O'Hara
17.3%
95
Shaun Phillips
17.3%
1
Mat McBriar
17.1%
29
Dominque Rodgers-Cromartie
17.1%
74
Bryant McKinnie
16.9%
75
Bryan Bulaga
16.4%
66
David Diehl
15.7%
50
Mike Vrabel
15.4%
40
Brian Leonard
14.5%
58
Rey Maualuga
14.5%
45
Ahmard Hall
13.7%
99
Andre Carter
13.5%
36
Jim Leonhard
12%
67
Damien Woody
12%
70
Donald Penn
11.1%
37
Yeremiah Bell
10.6%
71
Michael Roos
10.6%
61
Stephen Neal
9.2%
97
Brodrick Bunkley
8.2%
38
Naufahu Tahi
8%
63
Terrence Cody
7.5%
79
Tod Herremans
7.2%
35
Owen Schmitt
7%
96
Derrick Morgan
7%
48
Chris Horton
6%
65
Mark Tauscher
5.8%
46
Spencer Larsen
5.3%
64
Jake Grove
2.7%
62
Casey Wiegmann
1.9%
Quiz Playlist
Details
Report
Send in Message
Add To Playlist
Classic:
Type in answers that appear in a list
Last Updated: Feb 16, 2017
Quiz Scoreboard
CHALLENGE
Sign Up to Join the Scoreboard
Show All
Scores
Hide
Comments
May contain spoilers
Recently Published
Decade Duel: World Leaders
by jenniferyan
History
4m
Alphabetical 'K' Countries by Flag Minefield
by ylime102
Geography
3m
Pick 6: Fruits
by JohnFran
Miscellaneous
15s
More to Explore
Quiz From the Vault
Featured Blog Post
15 Basketball Trivia Facts You Can Be March Mad About
hide this ad
You Might Also Like...
Tags
NFL Quiz
Numbers Quiz
denote
Jersey
Player
rookie
team
Wear
Today's Top Quizzes in Sports
Browse Sports
hide this ad
Today's Top Quizzes in NFL
Browse NFL
Top Contributed Quizzes in Sports
1
Les joueurs à 100 buts en Ligue 1 Uber Eats
2
Pick 6: NFL Teams
3
2022 World Cup Stars
4
MLB 2 truths and a lie: Hall of Fame pitchers
5
Pick 6: Minor League Baseball
6
Millionaire: NBA Finals Edition
7
Click the 1998 NBA Draft
8
Criteria MLB: Left Handed Sluggers
9
Pick 6: Olympics
10
Pick 6: NFL WRs
Explore More
Trending Topics
Kpop
Disney
NBA
Marvel
Harry Potter
Crossword
Anime
The Office
Puzzle
Country
Pokémon
Soccer
WWE
Song
NFL
hide this ad
More By:
oknight30
Quiz
Plays
Rating
Category
Featured
Created
NFL Jersey Numbers 1-99
415
3.80
Sports
Jun 4, 2010
Fictional Football Players
158
Sports
Dec 6, 2010
Go to Creator's Profile
Score Distribution
Quiz Creator Spotlight
oknight30
Follow
Send a Message
Quizzes Created
-
Created Quiz Play Count
-
More By This Creator
Popular Quizzes Today
1
Countries of Asia Without Outlines Minefield
2
Find the US States - No Outlines Minefield
3
Pick 6: Fruits
4
Alphabetical 'K' Countries by Flag Minefield
5
The Countries of the World
6
Find the Countries of Europe - No Outlines Minefield
7
Find the US States
8
US States
More Sports Quizzes
10 to 1 - Football Clubs by Country IV
Quiz Lab
Trending Quizzes
Pick 6: Mountains
Pick 6: Harry Potter
Pick 6: Flags
Pick 6: NFL Teams
Pick 6: Movie Franchises
Recently Updated
Adaptations: Name the Title
pecheneg
NWSL Teams
pecheneg
Women's Final Four Teams by Year
bhenderson79
Presidents Quartet II
eogle
Anything But Clue(do)
eogle
Anything But Oceanian Capitals
eogle
Anything But 7
eogle
Anything But Thing
eogle
Word Ladder: February 29
pecheneg
Song Title Questions
pecheneg
Trending Topics
Anime
Crossword
NBA
Kpop
Disney
Marvel
Harry Potter
The Office
Song
WWE
NFL
Puzzle
Pokémon
Soccer
Country
Your Account Isn't Verified!
In order to create a playlist on Sporcle, you need to verify the email address you used during registration. Go to your
Sporcle Settings
to finish the process.
Report this User
Report this user for behavior that violates our
Community Guidelines
.
Details:
Send Report
Go to the Sporcle.com Mobile Site →
Comments